Kandamalninda karavaliyavarege: sanghaparivardavara karala mukha (Record no. 215863)
[ view plain ]
| 000 -LEADER | |
|---|---|
| fixed length control field | 00860nam a2200217Ia 4500 |
| 003 - CONTROL NUMBER IDENTIFIER | |
| control field | OSt |
| 005 - DATE AND TIME OF LATEST TRANSACTION | |
| control field | 20250530092613.0 |
| 008 - FIXED-LENGTH DATA ELEMENTS--GENERAL INFORMATION | |
| fixed length control field | 210719s2009 xx 000 0 und d |
| 040 ## - CATALOGING SOURCE | |
| Transcribing agency | AL |
| 041 ## - LANGUAGE CODE | |
| Language code of text/sound track or separate title | kannada |
| 082 ## - DEWEY DECIMAL CLASSIFICATION NUMBER | |
| Classification number | 322.42K PRAK |
| 100 ## - MAIN ENTRY--PERSONAL NAME | |
| Personal name | PRAJATANTRIKA JANARA VEDIKE |
| Dates associated with a name | ಪ್ರಜಾತಾಂತ್ರಿಕ ಜನರ ವೇದಿಕೆ |
| 9 (RLIN) | 211700 |
| 245 ## - TITLE STATEMENT | |
| Title | Kandamalninda karavaliyavarege: sanghaparivardavara karala mukha |
| Remainder of title | ಕಂದಮಾಲ್ ನಿಂದ ಕರಾವಳಿಯವರೆಗೆ : ಸಂಘಪರಿವಾರದವರ ಕರಾಳ ಮುಖ |
| 260 ## - PUBLICATION, DISTRIBUTION, ETC. | |
| Place of publication, distribution, etc. | Bengaluru |
| Date of publication, distribution, etc. | 2009 |
| 300 ## - PHYSICAL DESCRIPTION | |
| Extent | 72 |
| Other physical details | PB |
| 365 ## - TRADE PRICE | |
| Price amount | 25 |
| Currency code | Rs |
| 650 ## - SUBJECT ADDED ENTRY--TOPICAL TERM | |
| Topical term or geographic name entry element | Relation of State |
| 9 (RLIN) | 211701 |
| 650 ## - SUBJECT ADDED ENTRY--TOPICAL TERM | |
| Topical term or geographic name entry element | Relation of State |
| 9 (RLIN) | 211701 |
| 906 ## - LOCAL DATA ELEMENT F, LDF (RLIN) | |
| a | Kandamalninda ; karala ; karavaliyavarege: ; moral policing ; mukha ; sanghaparivardavara |
| 942 ## - ADDED ENTRY ELEMENTS (KOHA) | |
| Source of classification or shelving scheme | Dewey Decimal Classification |
| Koha item type | Book |
| Withdrawn status | Lost status | Source of classification or shelving scheme | Damaged status | Not for loan | Collection code | Home library | Current library | Date acquired | Source of acquisition | Cost, normal purchase price | Total Checkouts | Full call number | Barcode | Date last seen | Price effective from | Koha item type |
|---|---|---|---|---|---|---|---|---|---|---|---|---|---|---|---|---|
| Dewey Decimal Classification | Political Science | St Aloysius Library | St Aloysius Library | 03/14/2019 | General Annual | 25.00 | 322.42K PRAK | D04497 | 07/19/2021 | 07/19/2021 | Donated Books |